000 00682nam a2200289Ia 4500
005 20260324125112.0
008 008 260324s9999 xx 000 0 eng d
020 _a9780429245107
037 _aEBOOK
040 _aCRL
040 _beng
040 _cCRL
041 _2eng
041 _aeng
084 _qCRL
100 _aRobert Hafey
_91176701
245 0 _aLean Safety
245 0 _bTransforming your Safety Culture with Lean Management
260 _bTaylor and Francis
260 _c2009
365 _a
365 _b300
856 _uhttp://www.taylorfrancis.com/books/9780429245107
942 _cEBOOK
999 _c1771660
_d1771660